Diffractive optics and optical microsystems (Record no. 13063)

MARC details
000 -LEADER
fixed length control field 00955nam a2200217Ia 4500
003 - CONTROL NUMBER IDENTIFIER
control field IN-BaIIA
008 - FIXED-LENGTH DATA ELEMENTS--GENERAL INFORMATION
fixed length control field 211028s9999 xx 000 0 eng d
020 ## - INTERNATIONAL STANDARD BOOK NUMBER
International Standard Book Number 978-0-306-45770-8
040 ## - CATALOGING SOURCE
Transcribing agency IIA Library
080 ## - UNIVERSAL DECIMAL CLASSIFICATION NUMBER
Universal Decimal Classification number 535.4(082.2)
Item number DIF
111 ## - MAIN ENTRY--MEETING NAME
Meeting name or jurisdiction name as entry element International School of Quantum Electronics on Diffractive Optics and Optical Microsyste
Location of meeting Italy
Date of meeting or treaty signing 1996 Nov. 14-24
9 (RLIN) 22997
245 #0 - TITLE STATEMENT
Title Diffractive optics and optical microsystems
Remainder of title proceedings of the 20th course of the International school of quantum electronics on diffractive optics and optical microsyste, Erice, Sicily, Italy, November 14-24, 1996
Statement of responsibility, etc. edited by S. Martellucci and A. N. Chester
260 ## - PUBLICATION, DISTRIBUTION, ETC.
Place of publication, distribution, etc. New York
Name of publisher, distributor, etc. Plenum Press
Date of publication, distribution, etc. 1997
300 ## - PHYSICAL DESCRIPTION
Extent ix, 422p.
650 ## - SUBJECT ADDED ENTRY--TOPICAL TERM
Topical term or geographic name entry element Diffraction
9 (RLIN) 6763
650 ## - SUBJECT ADDED ENTRY--TOPICAL TERM
Topical term or geographic name entry element Diffractive optics
9 (RLIN) 22998
650 ## - SUBJECT ADDED ENTRY--TOPICAL TERM
Topical term or geographic name entry element Optics
700 ## - ADDED ENTRY--PERSONAL NAME
Personal name Chester, A. N., ed.
9 (RLIN) 22999
700 ## - ADDED ENTRY--PERSONAL NAME
Personal name Martellucci, S., ed.
9 (RLIN) 23000
942 ## - ADDED ENTRY ELEMENTS (KOHA)
Koha item type Books
Holdings
Withdrawn status Lost status Damaged status Not for loan Home library Current library Shelving location Date acquired Cost, normal purchase price Total Checkouts Full call number Barcode Date last seen Cost, replacement price Price effective from Koha item type Purchase Price
        IIA Library-Bangalore IIA Library-Bangalore General Stacks 12/07/1999 6600.00   535.4(082.2)/ DIF 13980 05/11/2021 6600.00 12/07/1999 Books Rs. 6600.00

Powered by Koha